000
00181 a2200097 4500
020
_a
9780736207218
041
_a
spa
100
_a
Brown hampton
245
_a
Bien dicho
942
_c
BK
999
_c
10839
_d
10839